Culture Générale #2 - Statistiques

Statistiques générales
  • Ce quiz a été pris 266 fois
  • Le résultat moyen est 4 sur 20
Statistiques - réponses
Hint Réponse % Correct
Qui est l'inventeur de la psychanalyse ? Sigmund Freud
76%
Qui a écrit Le Prince ? Machiavel
45%
Qui a écrit Les Lettres persanes ? Montesquieu
44%
Dans quelle ville est née Mozart ? Salzbourg
37%
Qui est l'épouse d'Orphée ? Eurydice
29%
Qui a composé l'opéra Rigoletto ? Verdi
23%
De quel écrivain grec La Fontaine s'est-il largement inspiré ? Esope
15%
Qui est le réalisateur italien à l'origine de la Dolce vita ? Federico Fellini
13%
Qui se cache derrière Henri Beyle ? Stendhal
13%
Qui a écrit Tristes Tropiques ? Claude Lévi-Strauss
11%
De quel siècle la Pléiade est-il un mouvement littéraire ? XVIe
11%
Quel souverain célèbre, originaire de Perse, est connu pour son implication dans les Guerres médiques ? Xerxès I
10%
Quel militaire américain fut le dirigeant effectif du Japon de 1946 à 1948 ? Douglas MacArthur
8%
Qui a inventé l'expression "les trente Glorieuses" ? Jean Fourastié
5%
Qui a écrit le Sagouin ? François Mauriac ?
4%
Qui a écrit La Noblesse d'Etat ? Pierre Bourdieu
4%
De quel dynastie ce souverain est-il issu ? Achéménide
2%
Quelle civilisation mésoaméricaine est connue pour ses sculptures de grosses têtes ? Olmèque
2%
Qui a peint L'Embarquement pour Cythère ? Antoine Watteau ?
1%
Qui est l'architecte de l'Arc de Triomphe ? Chalgrin
1%
Aucun quiz correspondant
Distribution des résultats
% des personnes avec chaque résultat
Percentile par nombre de réponses
Votre historique - résultats
Vous n’avez pas pris ce quiz